| 000 | 00469nam a2200145Ia 4500 | ||
|---|---|---|---|
| 008 | 140611s9999 xx 000 0 und d | ||
| 020 | _a9789718740262 | ||
| 050 |
_aLB 2353 _b.Al385Mat 2014 |
||
| 100 | _aAlfarez, Merle S. | ||
| 245 |
_aMSA UPCAT reviewer : _bMath Solutions Manual / _cMerle S Alfarez. |
||
| 260 |
_aQuezon City, Philippines : _bMSA Publishing House, _cc2014. |
||
| 300 |
_a33 p. : _bill. ; _c22 cm. |
||
| 650 |
_aMathematics _xSolutions |
||
| 999 |
_c118419 _d118419 |
||